Govt. of
Madhya Pradesh

Salvador of the Twentieth Century (Record no. 37579)

MARC details
000 -LEADER
fixed length control field 004270000a22001690004500
003 - CONTROL NUMBER IDENTIFIER
control field MACL
005 - DATE AND TIME OF LATEST TRANSACTION
control field 20160113154415.0
008 - FIXED-LENGTH DATA ELEMENTS--GENERAL INFORMATION
fixed length control field 160113b xxu||||| |||| 00| 0 eng d
040 ## - CATALOGING SOURCE
Original cataloging agency MACL
Transcribing agency MACL
041 ## - LANGUAGE CODE
Language code of text/sound track or separate title English
082 ## - DEWEY DECIMAL CLASSIFICATION NUMBER
Classification number 972/MAR
100 ## - MAIN ENTRY--PERSONAL NAME
Personal name Martin, Percy F.
9 (RLIN) 31895
245 ## - TITLE STATEMENT
Title Salvador of the Twentieth Century
260 ## - PUBLICATION, DISTRIBUTION, ETC. (IMPRINT)
Name of publisher, distributor, etc. Edward Arnold
Date of publication, distribution, etc. 1911
Place of publication, distribution, etc. London
650 ## - SUBJECT ADDED ENTRY--TOPICAL TERM
Topical term or geographic name as entry element History
9 (RLIN) 31896
942 ## - ADDED ENTRY ELEMENTS (KOHA)
Koha item type Books
Call number prefix 972/MAR
Source of classification or shelving scheme
Holdings
Withdrawn status Lost status Source of classification or shelving scheme Damaged status Not for loan Home library Current library Date acquired Total Checkouts Full call number Barcode Date last seen Uniform Resource Identifier Price effective from Koha item type
          MACL MACL 15/04/2015   972/MAR CLE004578 29/04/2015 37793 15/04/2015 Books